Statistics for Taylor Swift - All Too Well

Click here to take the quiz!

General Stats

  • This quiz has been taken 2,755 times
  • The average score is 401 of 462

Answer Stats

Answer% Correct
I
100%
a
99%
the
99%
you
99%
You
99%
it
98%
It
98%
we
98%
all
97%
in
97%
to
97%
To
97%
was
97%
and
96%
And
96%
do
96%
like
96%
me
96%
So
96%
so
96%
there
95%
There
95%
too
95%
well
95%
your
95%
my
94%
remember
94%
walk
94%
at
93%
but
93%
But
93%
no
93%
scarf
93%
with
93%
be
92%
got
92%
house
92%
sister's
92%
again
91%
air
91%
cold
91%
door
91%
home
91%
still
91%
through
91%
were
91%
We're
91%
Left
90%
up
90%
walked
90%
even
89%
Now
89%
now
89%
of
89%
are
88%
cause
88%
Cause
88%
felt
88%
lost
88%
on
88%
something
88%
drawer
87%
here
87%
I'm
86%
know
86%
somehow
86%
That
86%
that
86%
when
86%
about
85%
bout
85%
get
85%
piece
85%
for
84%
it's
84%
not
84%
red
84%
thing
84%
can
83%
car
83%
down
83%
Down
83%
long
83%
gone
82%
light
82%
little
82%
night
82%
dancing
81%
sweet
81%
kitchen
80%
middle
80%
street
80%
future
79%
getting
79%
looking
79%
town
79%
why
79%
gaze
78%
hair
78%
more
78%
Oh
78%
over
78%
promise
78%
team
78%
this
78%
after
77%
After
77%
almost
77%
break
77%
days
77%
disposition
77%
maybe
77%
past
77%
telling
77%
being
76%
call
76%
cruel
76%
honest
76%
just
76%
much
76%
name
76%
stairs
76%
stories
76%
thinking
76%
Wind
76%
asked
75%
ball
75%
bed
75%
casually
75%
could
75%
fine
75%
magic's
75%
masterpiece
75%
nothing
75%
paper
75%
ran
75%
refrigerator
75%
translation
75%
twin
75%
upstate
75%
falling
74%
glasses
74%
leaves
74%
might
74%
mother's
74%
okay
74%
picture
74%
singing
74%
else
73%
forget
73%
kid
73%
lying
73%
place
73%
round
73%
sized
73%
tee
73%
Autumn
72%
these
72%
used
72%
enough
71%
needed
71%
pieces
71%
tore
71%
turning
71%
cheeks
70%
into
70%
old
70%
wide-eyed
70%
back
69%
Back
69%
til
68%
smells
67%
album
66%
counter
66%
first
66%
keep
66%
loved
66%
Photo
66%
reminds
66%
you've
66%
ever
65%
from
65%
innocence
65%
self
65%
very
65%
rare
64%
scared
64%
alone
63%
by
63%
can't
63%
find
63%
one
63%
real
63%
rid
63%
Running
63%
week
63%
before
62%
crumpled
62%
made
62%
own
62%
trying
62%
known
61%
things
61%
Time
61%
I'd
58%
mail
58%
fly
56%
won't
56%
nights
55%
shirt
54%
paralyzed
52%
plaid
52%
yeah
43%
taught
26%
Hey
17%

Score Distribution

Percentile by Number Answered

Percent of People with Each Score

Your Score History

You have not taken this quiz